Manual de riesgos laborales (Registro nro. 8308)
[ vista simple ]
| 000 -LEADER | |
|---|---|
| fixed length control field | 02989 a2200349 4500 |
| 001 - CONTROL NUMBER | |
| control field | 63748 |
| 005 - DATE AND TIME OF LATEST TRANSACTION | |
| control field | 20260407155937.0 |
| 008 - FIXED-LENGTH DATA ELEMENTS--GENERAL INFORMATION | |
| fixed length control field | 260407a2025 arg spa d |
| 003 - CONTROL NUMBER IDENTIFIER | |
| control field | AR-UNSa-BCEJYS |
| 040 ## - CATALOGING SOURCE | |
| Original cataloging agency | AR-UNSa-BCEJYS |
| Language of cataloging | spa |
| Transcribing agency | AR-UNSa-BCEJYS |
| 080 ## - UNIVERSAL DECIMAL CLASSIFICATION NUMBER | |
| Universal Decimal Classification number | 349.2(094.5) |
| Common auxiliary subdivision | (Legislación del trabajo (Legislación laboral, contrato de trabajo,procedimiento laboral,riesgo laboral etc.)) |
| 020 ## - INTERNATIONAL STANDARD BOOK NUMBER | |
| International Standard Book Number | 978-987-03-4864-1 |
| 041 ## - LANGUAGE CODE | |
| Language code of text/sound track or separate title | spa |
| 100 1# - MAIN ENTRY--PERSONAL NAME | |
| Personal name | Vargas Gómez, Marcela Fernanda |
| 245 10 - TITLE STATEMENT | |
| Title | Manual de riesgos laborales |
| Name of part/section of a work | De la prevención a la reparación |
| 264 #1 - PRODUCTION, PUBLICATION, DISTRIBUTION, MANUFACTURE, AND COPYRIGHT NOTICE | |
| Place of production, publication, distribution, manufacture | Buenos Aires : |
| Name of producer, publisher, distributor, manufacturer | La Ley |
| Date of production, publication, distribution, manufacture, or copyright notice | 2025 |
| 300 ## - PHYSICAL DESCRIPTION | |
| Extent | xxix, 313 p. |
| Dimensions | 25 cm. |
| 505 ## - FORMATTED CONTENTS NOTE | |
| Formatted contents note | 1. La complejidad de la prevención de los riesgos laborales / Carlos María Vargas Gómez - 2. La influencia de la cultura organizacional en la prevención de riesgos laborales: un enfoque psico-sociológico / David Ángel Martínez - 3. Interacción de la prevención de infortunios laborales entre la LRT y el Código Civil y Comercial de la Nación / Martha Inés Ugolini y Marcela Fernanda Vargas Gómez - 4. De las obligaciones en el sistema de riesgos del trabajo / Ángela Generosa Oieni - 5. Responsabilidad tarifada en el sistema de riesgos del trabajo: análisis de contingencias, pluriempleo y relaciones laborales finalizadas / Martha Inés Ugolini - 6. Denuncia de la contingencia / Martha Inés Ugolini - 7. Tipos de incapacidad y prestaciones dinerarias y en especie / Matías Benjamín Cardozo - 8. Relaciones de las contingencias laborales con el contrato de trabajo / Matías Benjamín Cardozo y Martha Inés Ugolini - 9. Contingencias cubiertas por el sistema de riesgos del trabajo / Marcela Fernanda Vargas Gómez y Ariel Valdivia Dahl - 10. El COVID-19 como riesgo del trabajo / María Paula Motti - 11. Nuevas contingencias laborales: el teletrabajo / Ángela Generosa Oieni - 12. Límites cualitativos de la cobertura sistémica / María Paula Motti - 13. Comisiones médicas / Marcela Fernanda Vargas Gómez y Ariel Valdivia Dahl - 14. Patrocinio letrado / Karina Andrea López - 15. Procedimiento ante Comisión médica central / Antonio Luis Sambucetti, Elena Elizabeth Scarlato y Ariel Valdivia Dahl / 16. Trámites ante el servicio de homologación de la SRT y valoración de daño / Ángela Generosa Oieni - 17. Procedimiento ante el servicio de homologación por fallecimiento laboral (casos mortales) / Karina Andrea López - |
| 590 ## - LOCAL NOTE (RLIN) | |
| Local note | niveau_biblio:m niveau_hierar:0 |
| 700 1# - ADDED ENTRY--PERSONAL NAME | |
| Personal name | Cardozo, Matías Benjamín |
| 700 1# - ADDED ENTRY--PERSONAL NAME | |
| Personal name | López, Karina Andrea |
| 700 1# - ADDED ENTRY--PERSONAL NAME | |
| Personal name | Martínez, David Ángel |
| 700 1# - ADDED ENTRY--PERSONAL NAME | |
| Personal name | Motti, María Paula |
| 700 1# - ADDED ENTRY--PERSONAL NAME | |
| Personal name | Oieni, Ángela Generosa |
| 700 1# - ADDED ENTRY--PERSONAL NAME | |
| Personal name | Sambucetti, Antonio Luis |
| 700 1# - ADDED ENTRY--PERSONAL NAME | |
| Personal name | Scarlato, Elena Elizabeth |
| 700 1# - ADDED ENTRY--PERSONAL NAME | |
| Personal name | Ugolini, Martha Inés |
| 700 1# - ADDED ENTRY--PERSONAL NAME | |
| Personal name | Valdivia Dahl, Ariel |
| 700 1# - ADDED ENTRY--PERSONAL NAME | |
| Personal name | Vargas Gómez, Carlos María |
| 856 41 - ELECTRONIC LOCATION AND ACCESS | |
| Uniform Resource Identifier | <a href="https://biblioeco.unsa.edu.ar/pmb/images/libros/L129431.jpg">https://biblioeco.unsa.edu.ar/pmb/images/libros/L129431.jpg</a> |
| Link text | Imagen de portada |
| Electronic format type | image/jpeg |
| 942 ## - ADDED ENTRY ELEMENTS (KOHA) | |
| Koha item type | |
| Withdrawn status | Lost status | Damaged status | Not for loan | Home library | Current library | Shelving location | Date acquired | Total checkouts | Full call number | Barcode | Date last seen | Price effective from | Koha item type |
|---|---|---|---|---|---|---|---|---|---|---|---|---|---|
| Biblioteca Prof. Eusebio Cleto del Rey | Biblioteca Prof. Eusebio Cleto del Rey | 07/04/2026 | 349.2(094.5) V297 | L129431 | 07/04/2026 | 07/04/2026 | Libro | ||||||
| Biblioteca Prof. Eusebio Cleto del Rey | Biblioteca Prof. Eusebio Cleto del Rey | 07/04/2026 | 349.2(094.5) V297 | L129432 | 07/04/2026 | 07/04/2026 | Libro |